| 000 | 00537ntaaa2200205 4500 | ||
|---|---|---|---|
| 003 | 01 | ||
| 005 | 20251027202034.0 | ||
| 008 | 0714s1973 ag 01 | ||
| 040 |
_aAR-BaBN _bspa _cAR-BaBN _eaacr _dRIC |
||
| 082 | _a251.0000 B81 | ||
| 100 |
_aBrown, H.C. _91379 |
||
| 245 | _aSteps to the sermon | ||
| 250 | _a1 ed. | ||
| 260 |
_aNashville : _bBroadman Press, _cc1963 |
||
| 300 | _a202 p | ||
| 650 | _ahomilética-preparación de sermones | ||
| 700 |
_aClinard, H. Gordon _913997 |
||
| 700 |
_aNorthcutt, Jesse J _913998 |
||
| 942 | _cBK | ||
| 999 |
_c15188 _d15188 |
||